[Event "Brixen/Milland-SC Naturns Jambo"]
[Site "?"]
[Date "2013.11.23"]
[Round "3.2"]
[White "Brenninger, Daniel"]
[Black "Teutsch, Alexander"]
[Result "1/2-1/2"]
[WhiteElo "2072"]
[BlackElo "1957"]
[PlyCount "141"]
[EventDate "2013.??.??"]

1. e4 g6 2. d4 Bg7 3. c3 d6 4. Be3 Nf6 5. f3 O-O 6. Bd3 Nc6 7. Ne2 e5 8. d5 Ne7
9. c4 Nh5 10. Nbc3 f5 11. Qd2 a6 12. O-O-O Bd7 13. Kb1 Qe8 14. Rc1 b5 15. c5 b4
16. Nd1 Bb5 17. Bc4 a5 18. Qd3 Bd7 19. h3 fxe4 20. fxe4 Nf5 21. Bf2 Nf4 22.
Nxf4 exf4 23. Ka1 Ng3 24. Bxg3 fxg3 25. Qxg3 Qxe4 26. cxd6 cxd6 27. Re1 Qd4 28.
Qe3 Rae8 29. Qxd4 Bxd4 30. Re2 a4 31. Bd3 a3 32. Rxe8 Rxe8 33. Kb1 Bf5 34. Bxf5
gxf5 35. bxa3 bxa3 36. Rc4 Bc5 37. Nc3 Rb8+ 38. Kc1 Rb2 39. g4 f4 40. Nd1 Rxa2
41. Rxf4 Rh2 42. Ra4 Rxh3 43. Kc2 Kg7 44. Nc3 Kf6 45. Rc4 Rh2+ 46. Kd3 Rh3+ 47.
Kc2 Be3 48. Ra4 Rh2+ 49. Kd3 Bc1 50. Ke4 Rh4 51. Kd3 Rh3+ 52. Kc2 Bb2 53. Nd1
Ke5 54. Ra5 Rg3 55. Ra7 Kxd5 56. Rxh7 Rg2+ 57. Kb3 Kd4 58. Rd7 Ke5 59. Re7+ Kf4
60. Rf7+ Kg5 61. Rf5+ Kg6 62. Rd5 Rg3+ 63. Ka2 Be5 64. Nf2 Rg2 65. Rd2 Bg3 66.
Ne4 Rxd2+ 67. Nxd2 Be1 68. Nc4 Bb4 69. Nxa3 Bxa3 70. Kxa3 Kg5 71. Kb4 1/2-1/2

[Event "Brixen/Milland-SC Naturns Jambo"]
[Site "?"]
[Date "2013.11.23"]
[Round "3.3"]
[White "La Manna, Andrea"]
[Black "Kofler, Thomas"]
[Result "1-0"]
[WhiteElo "2157"]
[BlackElo "1940"]
[PlyCount "132"]
[EventDate "2013.??.??"]

1. d4 d6 2. c4 g6 3. Nc3 Bg7 4. e4 Nd7 5. Be3 e5 6. Nge2 Ne7 7. Qd2 O-O 8.
O-O-O Nb6 9. Qd3 Nc6 10. Nd5 exd4 11. Nxd4 Ne5 12. Qc2 Be6 13. Be2 c5 14. Nxe6
fxe6 15. Nxb6 axb6 16. Kb1 Nc6 17. Qd2 Nd4 18. h4 Qd7 19. Rh3 Nxe2 20. Qxe2 Qa4
21. b3 Qb4 22. Bc1 Bd4 23. f4 b5 24. cxb5 Ra5 25. h5 Rfa8 26. hxg6 Rxa2 27.
gxh7+ Kh8 28. Qxa2 Rxa2 29. Kxa2 Qa5+ 30. Ba3 Qxb5 31. Rdd3 Qa5 32. b4 Qa4 33.
Kb1 b5 34. bxc5 dxc5 35. Bb2 Qb4 36. Rb3 Qe1+ 37. Ka2 Qe2 38. Kb1 Qf1+ 39. Ka2
Qxg2 40. Rhe3 Qd2 41. Rh3 b4 42. Rhd3 Qf2 43. Rxd4 cxd4 44. Rxb4 Kxh7 45. Rxd4
Qxf4 46. e5 Qf2 47. Ra4 Kg6 48. Rg4+ Kf5 49. Ra4 Qc2 50. Ra3 Ke4 51. Ka1 Kd5
52. Ka2 Kc4 53. Ra8 Qb3+ 54. Ka1 Qd1+ 55. Ka2 Qd5 56. Ra3 Kb4+ 57. Ka1 Qd1+ 58.
Ka2 Kc4 59. Rc3+ Kb4 60. Ra3 Qc2 61. Ka1 Qc4 62. Kb1 Qf1+ 63. Ka2 Qd1 64. Bc3+
Kc4 65. Bb2 Qe1 66. Rh3 Qb4 1-0

[Event "Brixen/Milland-SC Naturns Jambo"]
[Site "?"]
[Date "2013.11.23"]
[Round "3.4"]
[White "Kofler, Oswald"]
[Black "Fox, Jonas"]
[Result "1/2-1/2"]
[WhiteElo "1828"]
[BlackElo "1878"]
[PlyCount "40"]
[EventDate "2013.??.??"]

1. d4 e6 2. c4 Nf6 3. Nc3 Bb4 4. Bd2 Nc6 5. Nf3 d6 6. a3 Bxc3 7. Bxc3 Ne4 8.
Qc2 Nxc3 9. Qxc3 O-O 10. e4 e5 11. Be2 exd4 12. Nxd4 Nxd4 13. Qxd4 Qe7 14. O-O
Qe5 15. Qxe5 dxe5 16. Rad1 Be6 17. Rd2 Rad8 18. Rfd1 Rxd2 19. Rxd2 Rc8 20. h3
Kf8 1/2-1/2

[Event "Brixen/Milland-SC Naturns Jambo"]
[Site "?"]
[Date "2013.11.23"]
[Round "3.5"]
[White "Unterthurner, Hans"]
[Black "Wisthaler, Lukas"]
[Result "0-1"]
[WhiteElo "2041"]
[BlackElo "1816"]
[PlyCount "62"]
[EventDate "2013.??.??"]

1. e4 c5 2. c3 d5 3. exd5 Qxd5 4. d4 Nc6 5. Nf3 Nf6 6. Be2 e6 7. O-O Be7 8. Be3
Ng4 9. Bf4 O-O 10. dxc5 Qxd1 11. Rxd1 Bxc5 12. Nd4 Nxf2 13. Kxf2 e5 14. Be3
exd4 15. cxd4 Bb6 16. Nc3 Bf5 17. Nd5 Ba5 18. a3 Rad8 19. Bf3 Rd7 20. b4 Bd8
21. Rac1 Ne7 22. Nc3 Re8 23. d5 Ng6 24. g4 Bh4+ 25. Ke2 Rde7 26. gxf5 Rxe3+ 27.
Kf1 Rxf3+ 28. Kg2 Rf2+ 29. Kh3 Re3+ 30. Kg4 Rg2+ 31. Kh5 Rg5# 0-1

[Event "Brixen/Milland-SC Naturns Jambo"]
[Site "?"]
[Date "2013.11.23"]
[Round "3.6"]
[White "Piela, Jonas"]
[Black "Naegele, Norbert"]
[Result "0-1"]
[WhiteElo "1643"]
[BlackElo "1878"]
[PlyCount "81"]
[EventDate "2013.??.??"]

1. Nf3 c5 2. c4 Nf6 3. Nc3 Nc6 4. g3 e6 5. Bg2 Be7 6. O-O d5 7. cxd5 exd5 8. d4
c4 9. e3 a6 10. h3 O-O 11. Ne5 Qd6 12. f4 b5 13. e4 dxe4 14. Nxe4 Nxe4 15. Bxe4
Bb7 16. Be3 Rad8 17. Qf3 Nxd4 18. Qg2 Nf5 19. Bf2 Bxe4 20. Qxe4 Qe6 21. Qc2 f6
22. Nc6 Qxc6 23. Qxf5 g6 24. Qc2 Bc5 25. Rad1 Bxf2+ 26. Qxf2 Rd7 27. Rxd7 Qxd7
28. Kh2 Rd8 29. Re1 Qd6 30. Re2 Kg7 31. Qe1 Rd7 32. Qf2 Qd4 33. Qg2 Qd6 34. Qf2
f5 35. Qg2 a5 36. Rc2 Qd3 37. Qf2 b4 38. Qg2 c3 39. bxc3 bxc3 40. Kg1 Qd1+ 41.
Kh2 0-1

[Event "CSK Merania-ASD Arci Scacchi II"]
[Site "?"]
[Date "2013.11.23"]
[Round "3.1"]
[White "Rinaldo, Gaetano"]
[Black "Kaserer, Hanspeter"]
[Result "1/2-1/2"]
[WhiteElo "1588"]
[BlackElo "1711"]
[PlyCount "55"]
[EventDate "2013.??.??"]

1. g3 Nf6 2. Bg2 c6 3. Nf3 d5 4. O-O g6 5. d3 Bg7 6. Nbd2 O-O 7. Rb1 Bg4 8. h3
Bd7 9. b3 Re8 10. Bb2 Qc8 11. Kh2 Bf5 12. Ne5 Nbd7 13. e4 Be6 14. f4 Nb6 15.
Qe2 Qc7 16. Ndf3 h6 17. Nxf7 Bxf7 18. e5 Qc8 19. exf6 exf6 20. Qf2 Qd7 21. a4
Nc8 22. Rfe1 Nd6 23. Rxe8+ Qxe8 24. Re1 Qd7 25. Re2 b6 26. Qe1 Re8 27. Nd2 c5
28. Nf1 1/2-1/2

[Event "CSK Merania-ASD Arci Scacchi II"]
[Site "?"]
[Date "2013.11.23"]
[Round "3.2"]
[White "Torggler, Martin"]
[Black "Seresin, Francesco"]
[Result "0-1"]
[WhiteElo "1771"]
[BlackElo "1797"]
[PlyCount "76"]
[EventDate "2013.??.??"]

1. f4 c5 2. Nf3 Nf6 3. e3 d6 4. b3 g6 5. Bb2 Bg7 6. Bb5+ Nbd7 7. O-O O-O 8. Qe1
a6 9. Be2 b5 10. d3 Bb7 11. Ng5 h6 12. Bf3 d5 13. Nh3 Qc7 14. Nd2 e5 15. Rb1
Rae8 16. Qf2 e4 17. Be2 d4 18. dxe4 dxe3 19. Qxe3 Bxe4 20. Nxe4 Nxe4 21. Bxg7
Kxg7 22. Rbd1 b4 23. Rde1 Ndf6 24. Bxa6 Nd5 25. Qd3 Ndc3 26. Ra1 Rd8 27. Qe3
Rfe8 28. Bd3 Nd5 29. Qc1 Qd7 30. Nf2 Nec3 31. Nh3 Ne3 32. Rf3 Qd4 33. Kh1 Rd6
34. Qg1 f5 35. Re1 Rde6 36. Ra1 R8e7 37. Nf2 Ncd5 38. Nd1 Qxa1 0-1

[Event "CSK Merania-ASD Arci Scacchi II"]
[Site "?"]
[Date "2013.11.23"]
[Round "3.3"]
[White "Zanatta, Daniel"]
[Black "Tappeiner, Michael"]
[Result "0-1"]
[WhiteElo "1462"]
[BlackElo "1761"]
[PlyCount "40"]
[EventDate "2013.??.??"]

1. d4 d6 2. Nf3 f5 3. c4 g6 4. Nc3 Nf6 5. Qc2 Bg7 6. e4 O-O 7. e5 Nh5 8. Be2
Nc6 9. O-O dxe5 10. dxe5 Nxe5 11. Nxe5 Bxe5 12. Bxh5 gxh5 13. Rd1 Qe8 14. f4
Bd6 15. Be3 b6 16. Nb5 Bb7 17. Qf2 Rf6 18. Rxd6 cxd6 19. Nc7 Qc6 20. Nxa8 Rg6
0-1

[Event "CSK Merania-ASD Arci Scacchi II"]
[Site "?"]
[Date "2013.11.23"]
[Round "3.4"]
[White "Zappi, Adriano"]
[Black "Gasparro, Antonio"]
[Result "1-0"]
[WhiteElo "1474"]
[BlackElo "1525"]
[PlyCount "106"]
[EventDate "2013.??.??"]

1. d4 Nf6 2. Nf3 g6 3. Bf4 Bg7 4. e3 O-O 5. h3 d6 6. Be2 c5 7. O-O cxd4 8. exd4
Nc6 9. c3 Qb6 10. Qc1 Bd7 11. Nbd2 Rac8 12. Nb3 a6 13. Qd1 Nd5 14. Bg3 Rfe8 15.
Bc4 Nf6 16. Re1 Nxd4 17. Bxf7+ Kxf7 18. Qxd4 Qxd4 19. Nbxd4 e5 20. Nb3 b5 21.
Ng5+ Kg8 22. Ne4 Nxe4 23. Rxe4 Bf5 24. Re3 Red8 25. Rd1 Bc2 26. Rde1 Bf5 27.
Bh4 Rd7 28. g4 Be6 29. f4 Bxb3 30. axb3 exf4 31. Re8+ Rxe8 32. Rxe8+ Kf7 33.
Ra8 Rb7 34. Rxa6 Be5 35. Kg2 d5 36. Kf3 h6 37. g5 h5 38. Bf2 b4 39. Bd4 bxc3
40. Bxe5 cxb2 41. Bxb2 Rxb3+ 42. Kxf4 Rxb2 43. Rf6+ Kg7 44. Rd6 Rd2 45. Rd7+
Kg8 46. Ke5 Rh2 47. Kf6 Rxh3 48. Kxg6 Rf3 49. Kxh5 Rf5 50. Kg6 Rf1 51. Rxd5 Rf7
52. Rd8+ Rf8 53. Rxf8+ Kxf8 1-0

[Event "CSK Merania-ASD Arci Scacchi II"]
[Site "?"]
[Date "2013.11.23"]
[Round "3.5"]
[White "Cozzi, Roberto"]
[Black "Ladurner, Hans"]
[Result "1/2-1/2"]
[WhiteElo "1558"]
[BlackElo "1515"]
[PlyCount "94"]
[EventDate "2013.??.??"]

1. d4 d5 2. c4 e6 3. Nc3 Nf6 4. Bg5 Be7 5. Nf3 Nbd7 6. e3 c6 7. Bd3 h6 8. Bh4
O-O 9. O-O Ne8 10. Bxe7 Qxe7 11. Qb3 f5 12. Rfd1 Qf7 13. Ne2 Nd6 14. c5 Ne4 15.
Qc2 Qf6 16. b4 a6 17. a4 g5 18. b5 axb5 19. axb5 Rxa1 20. Rxa1 Ndxc5 21. bxc6
bxc6 22. Ne5 Nxd3 23. Nxd3 Bd7 24. Ne5 Be8 25. Nxc6 f4 26. exf4 g4 27. Ne5 h5
28. g3 h4 29. Ra7 hxg3 30. fxg3 Qf5 31. Qc7 Bf7 32. Nxf7 Rxf7 33. Qxf7+ Qxf7
34. Rxf7 Kxf7 35. Kg2 Kf6 36. h3 gxh3+ 37. Kxh3 Nf2+ 38. Kg2 Ng4 39. Kf3 Kf5
40. Nc3 Nh2+ 41. Kg2 Ng4 42. Kh3 Nf2+ 43. Kh4 Ng4 44. Kh5 Nf6+ 45. Kh6 Ne4 46.
Ne2 Nxg3 47. Nxg3+ Kxf4 1/2-1/2

[Event "Groeden II-SK Steinegg Raiffeisen"]
[Site "?"]
[Date "2013.11.23"]
[Round "3.1"]
[White "Engl, Stefan"]
[Black "Kazazi, Rifat"]
[Result "1-0"]
[WhiteElo "1838"]
[BlackElo "1699"]
[PlyCount "52"]
[EventDate "2013.??.??"]

1. e4 e6 2. d4 d5 3. exd5 exd5 4. Nf3 c6 5. Bd3 Nf6 6. O-O Be7 7. Ne5 O-O 8. c3
Bd6 9. f4 b6 10. Nd2 c5 11. Ndf3 Ne4 12. c4 Bb7 13. Re1 Nf6 14. Kf1 dxc4 15.
Bxc4 cxd4 16. Qb3 Qc7 17. Bd2 Nc6 18. Rac1 Nxe5 19. fxe5 Bxf3 20. Qxf3 Bxe5 21.
Bd5 Qb8 22. Bxa8 Bxh2 23. Bb4 Rd8 24. Be7 Bf4 25. Bxd8 Bxc1 26. Bxf6 gxf6 1-0

[Event "Groeden II-SK Steinegg Raiffeisen"]
[Site "?"]
[Date "2013.11.23"]
[Round "3.2"]
[White "Goller, Bruno"]
[Black "Lantschner, Carmen"]
[Result "0-1"]
[WhiteElo "1592"]
[BlackElo "1690"]
[PlyCount "108"]
[EventDate "2013.??.??"]

1. e4 g6 2. d4 Bg7 3. Nc3 d6 4. f4 Nf6 5. Nf3 c5 6. e5 Nfd7 7. e6 fxe6 8. Ng5
Nf6 9. dxc5 Nc6 10. Bb5 a6 11. Ba4 h6 12. Nf3 O-O 13. O-O dxc5 14. Bxc6 bxc6
15. Ne5 Kh7 16. Qf3 Bb7 17. Qg3 Qe8 18. Qh3 Bc8 19. Be3 c4 20. Rad1 Nd5 21. Bd2
Nb4 22. Ne4 Nd5 23. Qh4 Rb8 24. b3 cxb3 25. cxb3 Nf6 26. Nc5 Rb5 27. b4 a5 28.
a3 axb4 29. Bxb4 Nd5 30. Rb1 Nxb4 31. axb4 Bxe5 32. fxe5 Rxf1+ 33. Kxf1 Qf7+
34. Ke2 Kg7 35. Rf1 Qe8 36. Qd4 Rb8 37. Ra1 g5 38. Qg4 Qg6 39. Ke3 Qf5 40. Qxf5
exf5 41. Ra4 Kf7 42. Kd4 Be6 43. Na6 Ra8 44. Kc5 Bc8 45. Kb6 Rxa6+ 46. Rxa6
Bxa6 47. Kxa6 Ke6 48. Kb6 Kd5 49. e6 Kd6 50. b5 cxb5 51. Kxb5 Kxe6 52. Kc4 f4
53. Kd4 Kf5 54. Kd3 e5 0-1

[Event "Groeden II-SK Steinegg Raiffeisen"]
[Site "?"]
[Date "2013.11.23"]
[Round "3.3"]
[White "Engl, Alexander"]
[Black "Grossrubatscher, Johann"]
[Result "1/2-1/2"]
[WhiteElo "1613"]
[BlackElo "1541"]
[PlyCount "54"]
[EventDate "2013.??.??"]

1. e4 d5 2. exd5 Qxd5 3. Nc3 Qa5 4. d4 c6 5. Bd3 Nf6 6. Nge2 Bg4 7. O-O Nbd7 8.
Bd2 e6 9. a3 Qc7 10. h3 Bh5 11. b4 a6 12. Qc1 Bd6 13. Re1 Bg6 14. Nf4 Bxd3 15.
Nxd3 O-O 16. Nc5 Nb6 17. N3e4 Nxe4 18. Nxe4 Nc4 19. Nxd6 Qxd6 20. c3 e5 21. Be3
Nxe3 22. Qxe3 exd4 23. cxd4 Rad8 24. Rad1 h6 25. Qe7 Qb8 26. Qc5 Rd5 27. Qe7
Rfd8 1/2-1/2

[Event "Groeden II-SK Steinegg Raiffeisen"]
[Site "?"]
[Date "2013.11.23"]
[Round "3.4"]
[White "Moroder, Richard"]
[Black "Schgaguler, Guenther"]
[Result "1/2-1/2"]
[WhiteElo "1405"]
[BlackElo "1442"]
[PlyCount "90"]
[EventDate "2013.??.??"]

1. e4 e6 2. d4 d5 3. Nc3 Bb4 4. e5 c5 5. Nf3 Nc6 6. a3 Bxc3+ 7. bxc3 b6 8. Be2
Nge7 9. O-O h6 10. Be3 cxd4 11. cxd4 Bd7 12. c3 Na5 13. Nd2 Rc8 14. Rc1 O-O 15.
f4 Nf5 16. Bf2 Rc7 17. g4 Nh4 18. Qe1 Ng6 19. Bg3 Qe7 20. f5 exf5 21. gxf5 Bxf5
22. Rxf5 Qxa3 23. e6 Rxc3 24. Rxc3 Qxc3 25. Rxf7 Qe3+ 26. Kg2 Rxf7 27. exf7+
Kxf7 28. Qf2+ Qxf2+ 29. Kxf2 Nc6 30. Ke3 Nge7 31. Nf3 Nf5+ 32. Kd3 Nxg3 33.
hxg3 a5 34. Ne5+ Nxe5+ 35. dxe5 b5 36. Kd4 b4 37. Bf3 a4 38. Bxd5+ Ke7 39. Kc4
b3 40. Kc3 Kd7 41. Kb2 Kc7 42. Ka3 Kd7 43. Kxa4 b2 44. Ba2 b1=Q 45. Bxb1 Ke6
1/2-1/2

[Event "Groeden II-SK Steinegg Raiffeisen"]
[Site "?"]
[Date "2013.11.23"]
[Round "3.5"]
[White "Lantschner, Alexander"]
[Black "Taschler, Manuel"]
[Result "1-0"]
[WhiteElo "1430"]
[BlackElo "1580"]
[PlyCount "79"]
[EventDate "2013.??.??"]

1. e4 e5 2. Bc4 Nf6 3. d3 c6 4. Nf3 d5 5. exd5 cxd5 6. Bb5+ Bd7 7. Bxd7+ Nbxd7
8. O-O Bd6 9. Bg5 Qc7 10. h3 h6 11. Bh4 O-O 12. Nc3 a6 13. Bg3 d4 14. Ne4 Nxe4
15. dxe4 Rac8 16. Rc1 f6 17. c3 dxc3 18. Qd5+ Rf7 19. Rxc3 Bc5 20. Rfc1 Qb6 21.
b3 Rc6 22. Nh4 Rd6 23. Qc4 Rd4 24. Qe2 Qd6 25. Nf5 Qb6 26. Nxd4 Bxd4 27. Rc7
Bc5 28. Rc8+ Kh7 29. Qc4 Re7 30. Rxc5 Nxc5 31. Qxc5 Qd8 32. f3 Rd7 33. Kh2 Rd2
34. Rc2 Rd1 35. Qc8 Qb6 36. Bf2 Qd6 37. Kg3 h5 38. Qf5+ g6 39. Qc8 Kh6 40. Qh8+
1-0

[Event "Groeden-SK Ehrenburg"]
[Site "?"]
[Date "2013.11.23"]
[Round "3.2"]
[White "Bernardi, Ruben"]
[Black "Jedinger, Andreas"]
[Result "1/2-1/2"]
[WhiteElo "2090"]
[BlackElo "2128"]
[PlyCount "83"]
[EventDate "2013.??.??"]

1. e4 e5 2. Bc4 Nf6 3. d3 Bc5 4. Nf3 Nc6 5. c3 a6 6. O-O Ba7 7. Re1 d6 8. Nbd2
Na5 9. d4 Nxc4 10. Nxc4 Be6 11. Ncd2 O-O 12. Nf1 h6 13. Ng3 Re8 14. d5 Bd7 15.
Be3 Bxe3 16. Rxe3 a5 17. c4 b6 18. b3 Bg4 19. Qc2 Bxf3 20. Rxf3 g6 21. Ne2 Kg7
22. Rd1 Nh7 23. a3 Qe7 24. Nc3 Rf8 25. Rg3 Nf6 26. Qe2 Kh7 27. Rgd3 Nh5 28. g3
Qg5 29. h4 Qe7 30. Rf1 f5 31. exf5 Rxf5 32. Rf3 Raf8 33. Rxf5 Rxf5 34. Kg2 Qf7
35. Ne4 Kg7 36. Qe3 Nf6 37. Nxf6 Qxf6 38. b4 axb4 39. axb4 Qf8 40. Ra1 Rf7 41.
Ra2 Qc8 42. c5 1/2-1/2

[Event "Groeden-SK Ehrenburg"]
[Site "?"]
[Date "2013.11.23"]
[Round "3.3"]
[White "Flatscher, Tobias"]
[Black "Oberrauch, Martin"]
[Result "0-1"]
[WhiteElo "1781"]
[BlackElo "2043"]
[PlyCount "66"]
[EventDate "2013.??.??"]

1. e4 Nf6 2. e5 Nd5 3. d4 d6 4. Nf3 Nc6 5. Be2 Bg4 6. O-O e6 7. h3 Bh5 8. c4
Nb6 9. Be3 Be7 10. Nc3 O-O 11. b3 Nd7 12. exd6 Bxd6 13. Ne4 Be7 14. Ng3 Bg6 15.
Nh2 Nb4 16. a3 Nc2 17. Ra2 Nxe3 18. fxe3 Bg5 19. Rf3 e5 20. Bd3 Nc5 21. Bxg6
hxg6 22. Qc2 exd4 23. exd4 Qxd4+ 24. Kh1 Rae8 25. b4 Re1+ 26. Nhf1 Ne4 27. Nxe4
Rxe4 28. Rd3 Qxc4 29. Qxc4 Rxc4 30. g4 Re8 31. Kg2 Bf4 32. Rf2 g5 33. h4 gxh4
0-1

[Event "Groeden-SK Ehrenburg"]
[Site "?"]
[Date "2013.11.23"]
[Round "3.4"]
[White "Prinoth, Franz"]
[Black "Gruber, Alexander"]
[Result "1/2-1/2"]
[WhiteElo "1751"]
[BlackElo "1774"]
[PlyCount "44"]
[EventDate "2013.??.??"]

1. f4 d5 2. Nf3 c5 3. e3 Nc6 4. Bb5 Bd7 5. b3 Nf6 6. Bb2 e6 7. O-O Be7 8. d3
Qb6 9. Bxc6 Bxc6 10. Nbd2 O-O 11. Qe1 Nd7 12. Kh1 f5 13. Ne5 Bf6 14. Ndf3 Rae8
15. Nxd7 Bxd7 16. Bxf6 gxf6 17. Qh4 Qd8 18. g4 fxg4 19. Qxg4+ Kh8 20. Qh5 Re7
21. Rg1 Rg8 22. Nh4 Reg7 1/2-1/2

[Event "Groeden-SK Ehrenburg"]
[Site "?"]
[Date "2013.11.23"]
[Round "3.5"]
[White "Messner, Alex"]
[Black "Scola, Matteo"]
[Result "1/2-1/2"]
[WhiteElo "1619"]
[BlackElo "1770"]
[PlyCount "54"]
[EventDate "2013.??.??"]

1. c4 Nf6 2. g3 c6 3. Bg2 d5 4. cxd5 cxd5 5. d3 Nc6 6. Nc3 e5 7. Bg5 Be6 8.
Bxf6 gxf6 9. a3 Bc5 10. Nf3 Qd7 11. b4 Bd6 12. h4 Rc8 13. Na4 b6 14. Rc1 Ke7
15. Nb2 h6 16. e4 b5 17. Qe2 a5 18. d4 dxe4 19. Qxe4 Nxd4 20. Rxc8 Nxf3+ 21.
Bxf3 Rxc8 22. O-O axb4 23. axb4 Bf5 24. Qe3 Rc2 25. Nd3 Rc3 26. Be2 Bxb4 27.
Rd1 Bxd3 1/2-1/2

[Event "Groeden-SK Ehrenburg"]
[Site "?"]
[Date "2013.11.23"]
[Round "3.6"]
[White "Dejori, David"]
[Black "Mairhofer, Lino"]
[Result "0-1"]
[WhiteElo "1432"]
[BlackElo "1705"]
[PlyCount "98"]
[EventDate "2013.??.??"]

{462MB} 1. e4 c5 2. Nf3 d6 3. d4 cxd4 4. Nxd4 Nf6 5. Nc3 g6 6. Be3 Bg7 7. Be2
Nc6 8. Qd2 O-O 9. O-O Bd7 10. f3 Rc8 11. Rfd1 a6 12. a4 Ne5 13. Rac1 Nc4 14.
Bxc4 Rxc4 15. b3 Rc8 16. Nd5 Nxd5 17. exd5 Re8 18. Re1 Qc7 19. c4 e5 20. dxe6
fxe6 21. f4 e5 22. fxe5 dxe5 23. Nf3 Bc6 24. Qe2 Rf8 25. Ng5 Rce8 26. Rcd1 h6
27. Nh3 Rf5 28. Qg4 Kh7 29. Nf2 Qe7 30. Ne4 Bd7 31. Qe2 Rh5 32. Bf2 Bc6 33. Ng3
Rh4 34. Bd4 Qb4 35. Bf2 Qxb3 36. a5 Qxc4 37. Qxc4 Rxc4 38. Rd2 e4 39. Rde2 Ra4
40. Bb6 h5 41. Re3 Rb4 42. Ra3 Rb2 43. Ne2 Bf8 44. Re3 Rxb6 45. axb6 Bc5 46.
Nc3 Bxb6 47. Kf2 Rd8 48. Nb1 Rd3 49. R1e2 a5 0-1

[Event "SC Lana-SG Kaltern/Tramin II"]
[Site "?"]
[Date "2013.11.23"]
[Round "3.2"]
[White "Kofler, Albin"]
[Black "Filosi, Gianluigi"]
[Result "0-1"]
[WhiteElo "1567"]
[BlackElo "1676"]
[PlyCount "52"]
[EventDate "2013.??.??"]

1. d4 d5 2. c4 c6 3. Nc3 Nf6 4. Nf3 e6 5. Bg5 Be7 6. e3 O-O 7. Bd3 Nbd7 8. cxd5
cxd5 9. O-O a6 10. Rc1 b5 11. Bb1 Bb7 12. Re1 Ne4 13. Bf4 Ndf6 14. Ne5 Rc8 15.
Qd3 Nh5 16. f3 Nxf4 17. exf4 Nf6 18. f5 exf5 19. Qxf5 g6 20. Qf4 Nh5 21. Qg4
Rc7 22. Ne2 Bc8 23. Qxh5 gxh5 24. Nc6 Qd6 25. Ng3 Rxc6 26. Rxc6 Qxc6 0-1

[Event "SC Naturns Jambo II-SK Deutschnofen"]
[Site "?"]
[Date "2013.11.23"]
[Round "3.1"]
[White "Micheli, Carlo"]
[Black "Gurschler, Gregor"]
[Result "1-0"]
[WhiteElo "2268"]
[BlackElo "1820"]
[PlyCount "47"]
[EventDate "2013.??.??"]

1. c4 d6 2. g3 d5 3. cxd5 Qxd5 4. Nf3 Nf6 5. Nc3 Qd8 6. Bg2 c6 7. d4 g6 8. e4
Bg4 9. Be3 Bg7 10. h3 Bxf3 11. Qxf3 Na6 12. O-O Nc7 13. Rad1 e6 14. g4 O-O 15.
Qg3 Qe7 16. f4 Rfe8 17. f5 exf5 18. gxf5 gxf5 19. Rxf5 Kh8 20. Rdf1 Rf8 21. Bg5
Nce8 22. e5 Nh5 23. Qf3 f6 24. Be3 1-0

[Event "SC Naturns Jambo II-SK Deutschnofen"]
[Site "?"]
[Date "2013.11.23"]
[Round "3.2"]
[White "Gurschler, Thomas"]
[Black "Gibitz, Othmar"]
[Result "1-0"]
[WhiteElo "1806"]
[BlackElo "1655"]
[PlyCount "67"]
[EventDate "2013.??.??"]

1. d4 d5 2. Bf4 Nf6 3. e3 Bf5 4. c4 e6 5. Nc3 c6 6. Qb3 Qb6 7. c5 Qxb3 8. axb3
Nbd7 9. b4 Be7 10. b5 Nh5 11. Bc7 cxb5 12. Nxb5 O-O 13. Be2 Nhf6 14. Nf3 a6 15.
Nd6 Bd8 16. Bxd8 Rfxd8 17. Nxb7 Rdb8 18. c6 a5 19. Rxa5 Rxa5 20. Nxa5 Nf8 21.
Nb7 Ne8 22. O-O Bc2 23. Ne5 Ba4 24. Nc5 Bb5 25. Bxb5 Rxb5 26. b3 Rb6 27. Rb1
Nc7 28. Rc1 f6 29. Ned7 Nxd7 30. cxd7 Rd6 31. Ra1 Kf8 32. Ra7 Nb5 33. Ra8+ Ke7
34. Re8+ 1-0

[Event "SC Naturns Jambo II-SK Deutschnofen"]
[Site "?"]
[Date "2013.11.23"]
[Round "3.3"]
[White "Thurner, Markus"]
[Black "Pichler, Christoph"]
[Result "1-0"]
[WhiteElo "1876"]
[BlackElo "1836"]
[PlyCount "61"]
[EventDate "2013.??.??"]

1. e4 e5 2. Nf3 Nc6 3. Bc4 Bc5 4. O-O Nf6 5. Nc3 O-O 6. d3 h6 7. Be3 Be7 8. d4
exd4 9. Nxd4 Nxd4 10. Qxd4 d6 11. Rad1 Bd7 12. Rfe1 Bc6 13. Bf4 Nh5 14. e5 Nxf4
15. Qxf4 Bg5 16. Qf5 Bd7 17. Qd3 Qc8 18. exd6 cxd6 19. Bb3 Bc6 20. Qxd6 Qg4 21.
Qg3 Qf5 22. Re5 Qf6 23. Nd5 Bxd5 24. Rexd5 Qxb2 25. h4 Be7 26. Rd7 Qf6 27. Rxb7
Rfd8 28. Re1 Re8 29. Qf3 Qxf3 30. gxf3 Kf8 31. Ba4 1-0

[Event "SC Naturns Jambo II-SK Deutschnofen"]
[Site "?"]
[Date "2013.11.23"]
[Round "3.4"]
[White "Gurschler, Markus"]
[Black "Hofer, Alois"]
[Result "0-1"]
[WhiteElo "1575"]
[BlackElo "1734"]
[PlyCount "78"]
[EventDate "2013.??.??"]

1. d4 d5 2. Bf4 Nf6 3. Nf3 Bg4 4. Nbd2 e6 5. h3 Bh5 6. c3 Nbd7 7. Ne5 Nxe5 8.
dxe5 Nd7 9. Qa4 c6 10. e3 Bg6 11. b4 Be7 12. Qb3 a5 13. b5 a4 14. Qd1 Ba3 15.
e4 Bb2 16. Rb1 Bxc3 17. Qc2 Bxd2+ 18. Qxd2 Bxe4 19. Rb4 c5 20. Rb2 Qa5 21. f3
Bg6 22. h4 h6 23. Be2 Qxd2+ 24. Kxd2 Ke7 25. h5 Bh7 26. a3 Rhc8 27. Rh4 c4 28.
Kc3 Nc5 29. Be3 b6 30. Bd4 Nd3 31. Ra2 Ra5 32. Bxd3 cxd3+ 33. Kd2 Rxb5 34. Bc3
Rc4 35. f4 Rb1 36. Rg4 g5 37. hxg6 Bxg6 38. Rh4 Rf1 39. g3 Rf2+ 0-1

[Event "SC Naturns Jambo II-SK Deutschnofen"]
[Site "?"]
[Date "2013.11.23"]
[Round "3.5"]
[White "Welsch, Ulrich"]
[Black "Naegele, Raimund"]
[Result "1-0"]
[WhiteElo "1531"]
[BlackElo "1665"]
[PlyCount "115"]
[EventDate "2013.??.??"]

1. d4 Nf6 2. c4 e6 3. Nf3 b6 4. g3 Bb7 5. Bg2 Bb4+ 6. Bd2 Be7 7. Nc3 O-O 8. Qc2
d5 9. cxd5 exd5 10. O-O Nbd7 11. Bg5 c5 12. e3 Rc8 13. Rfd1 Ne4 14. Bxe7 Qxe7
15. Rac1 Ndf6 16. Bh3 Nxc3 17. Qxc3 Ne4 18. Qd3 Rcd8 19. Rc2 c4 20. Qe2 b5 21.
Nh4 Bc8 22. Bxc8 Rxc8 23. Qh5 Qg5 24. Qxg5 Nxg5 25. Kg2 b4 26. Nf3 Ne4 27. Nd2
f5 28. Nf3 a5 29. Ne5 Rc7 30. f3 Nf6 31. Ra1 Re8 32. Kf2 Nd7 33. Nd3 Rec8 34.
Nf4 Nf6 35. Ne6 Re7 36. Nc5 Rce8 37. Re1 g5 38. b3 c3 39. Nd3 Rc7 40. a3 Rb8
41. axb4 axb4 42. Ra1 g4 43. Ra4 Kg7 44. Rxb4 Rxb4 45. Nxb4 Rb7 46. Na2 Rxb3
47. Nxc3 gxf3 48. Kxf3 Kf7 49. h3 Ke6 50. Ne2 Ne4 51. g4 Ng5+ 52. Kg3 Ne4+ 53.
Kf4 fxg4 54. hxg4 Rb1 55. Rc6+ Kf7 56. Ng3 Nf6 57. g5 Nd7 58. Rd6 1-0

[Event "SC Naturns Jambo II-SK Deutschnofen"]
[Site "?"]
[Date "2013.11.23"]
[Round "3.6"]
[White "Zoeschg, Herbert"]
[Black "Pichler, Lukas"]
[Result "1/2-1/2"]
[WhiteElo "1490"]
[BlackElo "1600"]
[PlyCount "83"]
[EventDate "2013.??.??"]

1. d4 d5 2. Bf4 Nf6 3. e3 c6 4. c3 Bg4 5. Be2 Bxe2 6. Qxe2 e6 7. h3 Qb6 8. Nf3
Nbd7 9. Qc2 Rc8 10. O-O c5 11. Nbd2 Bd6 12. Bxd6 Qxd6 13. Rfe1 O-O 14. Rad1
cxd4 15. exd4 b5 16. Ne5 Rc7 17. Qd3 b4 18. c4 dxc4 19. Ndxc4 Qd5 20. b3 Rd8
21. Nf3 Nc5 22. Qd2 Qb7 23. Qb2 Nce4 24. a4 Nc3 25. Rd3 Nxa4 26. bxa4 Rxc4 27.
Nd2 Rc7 28. Rb1 Nd5 29. Nb3 Nf4 30. Rg3 Qe4 31. Kh2 Rc2 32. Qa1 Rxf2 33. Rb2
Rxb2 34. Qxb2 Nh5 35. Rg4 Qe3 36. Qc2 f5 37. Qc7 fxg4 38. Qxd8+ Kf7 39. Qc7+
Kg6 40. Qc2+ Kf6 41. hxg4 Qg3+ 42. Kh1 1/2-1/2